NBA Teammate Link Click Quiz - Statistics

General Stats
  • This quiz has been taken 153 times
  • The average score is 3 of 21
Answer Stats
Hint Answer % Correct
LeBron James played with... Rui Hachimura
87%
who played with... Bradley Beal
39%
who played with... Kevin Durant
34%
who played with... Draymond Green
31%
who played with... David Lee
28%
who played with... Stephon Marbury
9%
who played with... Brian Scalabrine
7%
who played with... CJ McCollum
7%
who played with... Robin Lopez
6%
who played with.. Taj Gibson
6%
who played with... Arvydas Sabonis
4%
who played with.. Clifford Robinson
4%
who played with... Fat Lever
4%
who played with... Elfrid Payton
3%
who played with... Jason Kidd
3%
who played with... Kevin Garnett
3%
who played with... Zach LaVine
3%
who played with... Clyde Drexler
1%
who played with... Jamal Mashburn
1%
who played with... Scottie Pippen
1%
who played with... Michael Jordan
0%
No matching quizzes found
Score Distribution
Percent of People with Each Score
Percentile by Number Answered
Your Score History
You have not taken this quiz